000 00206nam a22000977a 4500
082 _a050
245 _aVANITHA 2 - MALAYALAM - APRIL 1 - 14, 2018
300 _a98P
490 _aAPRIL 1 - 14, 2018
942 _cCR
999 _c4470
_d4470